| 000 | 00580nam a22001817a 4500 | ||
|---|---|---|---|
| 999 |
_c8990 _d8990 |
||
| 008 | 210309b ||||| |||| 00| 0 eng d | ||
| 040 | _aBMS College of Architecture | ||
| 100 | _aPrasad, S Hari | ||
| 245 | _aKalaa Goodu College of fine arts for Karnataka chitrakala parishath | ||
| 300 | _a46p. | ||
| 500 | _a1BM09AT017 | ||
| 502 |
_8B.Arch _NBMS College of Architecture, Visvesvaraya Technological University (VTU) _aProject report _d2013 |
||
| 650 | _aArt | ||
| 650 | _aKarnataka | ||
| 700 |
_aAjaichandran C K _eGuide |
||
| 700 |
_aBhagyalaxmi M _eGuide |
||
| 942 |
_2ddc _cTHE |
||